000 00459nam a2200181Ia 4500
001 24895
005 20260414151114.0
008 260414t2018||||xx |||||||||||||| ||spa||
041 _aESP
082 _a346
_bV917 T. 2
100 _aVarsi Rospigliosi, Enrique
_eAUT
245 0 _aTratado de derechos reales :
_bposesión y propiedad
260 _c2018
300 _a284 páginas :
_c24 cm.
650 _aDER
654 _aCDE
942 _cLIB
_dJUS
_fJUS
_2ddc
_n
999 _c24895
_d24895